Visualizzazione normale
Vista MARC
- Pidgeon Frank
di Personal Name
Records bibliografici associati: 1
001 - CONTROL NUMBER
- control field: 18352
003 - CONTROL NUMBER IDENTIFIER
- control field: IT-RoPau
005 - DATE AND TIME OF LATEST TRANSACTION
- control field: 20140403122137.0
008 - FIXED-LENGTH DATA ELEMENTS
- fixed length control field: 140403|| aca||aabn | a|a d
040 ## - CATALOGING SOURCE
- Original cataloging agency: IT-RoPau
- Transcribing agency: IT-RoPau
100 ## - HEADING--PERSONAL NAME
- Personal name: Pidgeon Frank
- Miscellaneous information: Codice interprete SPICS: 13196
- Relator term: Interprete
670 ## - SOURCE DATA FOUND
- Source citation: Work cat.: (IT-RoPau)100852: Pidgeon Frank 18349, Frank Pidgeon e la sua orchestra